00546nam a2200193 a 45000010005000000030009000050080041000140400028000550820018000831000020001012450094001212600052002153000015002674900010002826500019002926500012003116500015003236500014003383302CO-ViMGA141112s2004 ck r 000 u spa d aCO-ViMGAbspacCO-ViMGA04a620.106 G453m1 aGiles, Ranald V10aMecánica de los fluidos e hidráulica / cGiles Ranald V. , Evett Jack B. , Liu Cheng  aSantafé de Bogotá : bMcGraw - Hill, c1997 a420 p : il aSchum14aEvett, Jack B.14aFLUIDOS14aHIDRAULICA14aLiu, Chen